प्राचीन भारत में गुप्तचर सेवा / (Record no. 120818)

MARC details
000 -LEADER
fixed length control field 01298nam a22002657a 4500
005 - DATE AND TIME OF LATEST TRANSACTION
control field 20170124103203.0
010 ## - LIBRARY OF CONGRESS CONTROL NUMBER
LC control number A-428032
020 ## - INTERNATIONAL STANDARD BOOK NUMBER
Terms of availability 150.00
035 ## - SYSTEM CONTROL NUMBER
System control number A-428032
037 ## - SOURCE OF ACQUISITION
Source of stock number/acquisition Cen Lib/Ret
040 ## - CATALOGING SOURCE
Original cataloging agency DPL
Language of cataloging HN
082 ## - DEWEY DECIMAL CLASSIFICATION NUMBER
Classification number 954.0136325
Item number त्रिवेदी
100 ## - MAIN ENTRY--PERSONAL NAME
Personal name त्रिवेदी, सत्यदेव
9 (RLIN) 92745
245 ## - TITLE STATEMENT
Title प्राचीन भारत में गुप्तचर सेवा /
Statement of responsibility, etc सत्यदेव त्रिवेदी
246 ## - VARYING FORM OF TITLE
Title proper/short title Prachin bharat mein guptchar seva /
Remainder of title by Satya Dev Trivedi
260 ## - PUBLICATION, DISTRIBUTION, ETC. (IMPRINT)
Place of publication, distribution, etc नई दिल्ली
Name of publisher, distributor, etc अनुपम प्रकाशन संस्थान
Date of publication, distribution, etc 1985
270 ## - ADDRESS
City नई दिल्ली
Address असफ अली रोड
Postal code 110002
300 ## - PHYSICAL DESCRIPTION
Extent भिन्न पृ.
Dimensions 21सेमी (सजिल्द)
500 ## - GENERAL NOTE
General note सन्दर्भ सूची शामिल
650 ## - SUBJECT ADDED ENTRY--TOPICAL TERM
Topical term or geographic name as entry element गुप्तचर सेवा -- इतिहास -- भारत
9 (RLIN) 92746
650 ## - SUBJECT ADDED ENTRY--TOPICAL TERM
Topical term or geographic name as entry element गुप्तचर सेवा -- प्राचीन भारत
9 (RLIN) 92747
650 ## - SUBJECT ADDED ENTRY--TOPICAL TERM
Topical term or geographic name as entry element Intelligence service -- History -- India
9 (RLIN) 92748
650 ## - SUBJECT ADDED ENTRY--TOPICAL TERM
Topical term or geographic name as entry element Secret Service -- Ancient Indian
9 (RLIN) 92749
942 ## - ADDED ENTRY ELEMENTS (KOHA)
Source of classification or shelving scheme Dewey Decimal Classification
Koha item type Hindi Books
Classification part 954.0136325
Call number suffix त्रिवेदी
Holdings
Withdrawn status Lost status Damaged status Not for loan Home library Current library Date acquired Source of acquisition Cost, normal purchase price Total Checkouts Full call number Barcode Date last seen Copy number Cost, replacement price Price effective from Koha item type
        Central Library Central Library 28/09/2015 Cen Lib/Ret 150.00   954.0136325 त्रिवेदी A-428032 28/09/2015 1 150.00 28/09/2015 Hindi Books

© Delhi Public Library
Hit Counter
free hit counter